| 000 | 01246nam a2200325Ia 4500 | ||
|---|---|---|---|
| 001 | ebr10186172 | ||
| 003 | CaPaEBR | ||
| 006 | m u | ||
| 007 | cr cn||||||||| | ||
| 008 | 060116s2006 enka sb 001 0 eng d | ||
| 020 | _z0750669926 (pbk.) | ||
| 020 | _z9780750669924 (pbk.) | ||
| 040 |
_aCaPaEBR _cCaPaEBR |
||
| 035 | _a(OCoLC)647911277 | ||
| 050 | 1 | 4 |
_aTS192 _b.K4295 2006eb |
| 082 | 0 | 4 |
_a658.202 _222 |
| 100 | 1 |
_aKelly, Anthony, _cM. Sc. |
|
| 245 | 1 | 0 |
_aStrategic maintenance planning _h[electronic resource] / _cAnthony Kelly. |
| 250 | _a1st ed. | ||
| 260 |
_aOxford : _bElsevier/Butterworth-Heinemann, _c2006. |
||
| 300 |
_axii, 284 p. : _bill. |
||
| 504 | _aIncludes bibliographical references and index. | ||
| 533 |
_aElectronic reproduction. _bPalo Alto, Calif. : _cebrary, _d2009. _nAvailable via World Wide Web. _nAccess may be limited to ebrary affiliated libraries. |
||
| 650 | 0 |
_aPlant maintenance _xManagement. |
|
| 650 | 0 | _aStrategic planning. | |
| 650 | 0 |
_aPlant maintenance _xManagement _vCase studies. |
|
| 655 | 7 |
_aElectronic books. _2local |
|
| 710 | 2 | _aebrary, Inc. | |
| 856 | 4 | 0 |
_uhttp://site.ebrary.com/lib/rucke/Doc?id=10186172 _zAn electronic book accessible through the World Wide Web; click to view |
| 999 |
_c145156 _d145156 |
||